[Event "Buenos Aires Szmetan Giardelli op"]
[Site "Buenos Aires"]
[Date "2018.12.08"]
[Round "5"]
[White "Soza, Fernando"]
[Black "Nejanky, Maisa"]
[Result "1/2-1/2"]
[WhiteElo "1842"]
[BlackElo "2032"]
[PlyCount "66"]
[EventDate "2018.12.04"]
[EventType "swiss"]
[EventRounds "9"]
[EventCountry "ARG"]
[SourceTitle "CBM 187 Extra"]
[Source "ChessBase"]
[SourceDate "2018.11.04"]
[SourceVersion "1"]
[SourceVersionDate "2018.11.04"]
[SourceQuality "1"]

1. d4 Nf6 2. c4 e6 3. Nc3 Bb4 4. e3 0-0 5. Nge2 d5 6. a3 Bd6 7. Ng3 c5 8. cxd5 exd5 9. Be2 Nc6 10. 0-0 Be6 11. dxc5 Bxc5 12. b4 Bd6 13. Bb2 a5 14. b5 Ne5 15. e4 dxe4 16. Ncxe4 Nxe4 17. Nxe4 Bc7 18. b6 Qh4 19. bxc7 Qxe4 20. Bxe5 Qxe5 21. Rc1 Rac8 22. Qc2 Rfe8 23. Bf3 Bd5 24. Bxd5 Qxd5 25. Rfd1 Qe6 26. Qc5 b6 27. Qc6 Kf8 28. Qxe6 Rxe6 29. Rd8+ Re8 30. Rd7 Re7 31. Rd8+ Re8 32. Rd7 Re7 33. Rd8+ Re8 1/2-1/2